000 00660nam a2200217Ia 4500
001 18569
003 GE_BSU
008 181216s||||||||xx |||||||||||||| ||und||
020 _a9780817918057 (pbk.)
040 _cGE_BSU
080 _a327.1
100 _aShultz, George Pratt, Sidney D. Drell, Henry A. Kissinger, Sam Nunn.
245 _aNuclear security : the problems and the road ahead
260 _aStanford, California
260 _bHoover Institution Press
260 _c2014
300 _aviii, 63 pages : illustrations ; 23 cm
653 _aNuclear security : the problems and the road ahead
653 _aპოლიტიკა
942 _cBK
999 _c51578
_d51578